Corumbá : (Record no. 1341)

MARC details
000 -LÍDER
Campo Fixo de Controle 00764nam a2200241 a 4500
001 - NÚMERO DE CONTROLE
Campo de Controle 1341
003 - IDENTIFICAÇÃO DO NÚMERO DE CONTROLE
Campo de Controle BR-CuiBMT
005 - DATA E HORA DA ÚLTIMA ATUALIZAÇÃO
Campo de Controle 20231205160346.0
008 - DADOS FIXOS
Dados Fixos 231201s2006 dfba 001 0 por d
040 ## - AGÊNCIA CATALOGADORA
Código da Agência Catalogadora BR-CuiBMT
Agência que transcreveu o registro BR-CuiBMT
080 ## - Nº DA CLASSIFICAÇÃO DECIMAL UNIVERSAL
Nº Class. CDU 94
Subd. Auxiliar Comum (817.1)
Nº edição CDU 2007
090 ## - NÚMERO DE CHAMADA
Nº classificação 94(817.1)
Cutter C824c
100 1# - ENTRADA PRINCIPAL -- AUTOR PESSOAL
Nome pessoal Corrêa, Valmir Batista
245 10 - TÍTULO PRINCIPAL
Título principal Corumbá :
Subtítulo terra de lutas e de sonhos /
Indicação de responsabilidade Valmir Batista Corrêa.
260 ## - PUBLICAÇÃO, DISTRIBUIÇÃO, ETC.
Local de publicação Brasília :
Editora Senado Federal :
Data 2006.
300 ## - DESCRIÇÃO FÍSICA
N. páginas ou volumes 220 p. :
Ilustrações il. ;
Dimensões 23 cm
490 1# - INDICAÇÃO DE SÉRIE
Título da série Coleção edições do Senado Federal ;
Volume/designação sequencial da série v. 77
504 ## - NOTA DE BIBLIOGRAFIA, ETC.
Nota de bibliografia Inclui bibliografia e índice.
650 ## - ASSUNTO TÓPICO
Cabeçalho tópico ou nome geográfico Corumbá (MS)
Subdivisão geral História
650 ## - ASSUNTO TÓPICO
Cabeçalho tópico ou nome geográfico Comércio portuário
Subdivisão geográfica Corumbá
830 #0 - ENTRADA SECUNDÁRIA DE SÉRIE -- TÍTULO UNIFORME
Título uniforme Edições do Senado Federal ;
Nº do volume/designação sequencial da série 77
942 ## - ELEMENTOS DE ENTRADA ADICIONAIS (KOHA)
Fonte de classificação ou esquema de arquivamento Classificação Decimal Universal
Tipo de item do Koha Livros
Holdings
Estado: removido Estado: perdido Fonte de classificação ou esquema de arquivamento Estado: danificado Indisponível para empréstimo Localização permanente Localização atual Data de aquisição Total Checkouts Número de Chamada completo Código de barras Date last seen Número do exemplar Preço efetivo a partir de Tipo de item (Koha)
    Classificação Decimal Universal     Biblioteca da Escola Superior de Contas do TCE/MT Biblioteca da Escola Superior de Contas do TCE/MT 05/12/2023   94(817.1) C824c BIBTCEMT23120198 05/12/2023 Ex. 1 05/12/2023 Livros
    Classificação Decimal Universal     Biblioteca da Escola Superior de Contas do TCE/MT Biblioteca da Escola Superior de Contas do TCE/MT 05/12/2023   94(817.1) C824c BIBTCEMT23120199 05/12/2023 Ex. 2 05/12/2023 Livros

Powered by Koha